| 000 | 00388nam a2200121 4500 | ||
|---|---|---|---|
| 008 | 240220b |||||||| |||| 00| 0 eng d | ||
| 022 | _a17296242 | ||
| 245 |
_aSouth Asian journal 14 : Quarterly Magazine of South Asian Journalists & scholars : _bOctober - December 2006 |
||
| 246 | _aIndo-Pak dialogue | ||
| 260 |
_aLahore : _bFree Media foundation, _c2006 |
||
| 300 | _b180 p. | ||
| 942 | _cCR | ||
| 999 |
_c4782 _d4782 |
||